[Event "Steinfurt Bezirksklasse 1819"]
[Site "Germany"]
[Date "2018.12.01"]
[Round "3.4"]
[White "Krumbeck, Holger"]
[Black "Naber, Ole"]
[Result "0-1"]
[WhiteElo "1282"]
[BlackElo "1242"]
[PlyCount "44"]
[EventDate "2018.09.29"]
[EventType "team-tourn"]
[EventRounds "7"]
[EventCountry "GER"]
[SourceTitle "EXT 2020"]
[Source "ChessBase"]
[SourceDate "2019.10.17"]
[SourceVersion "1"]
[SourceVersionDate "2019.10.17"]
[SourceQuality "1"]
[WhiteTeam "Reckenfeld II"]
[BlackTeam "Rheine CC"]
[WhiteTeamCountry "GER"]
[BlackTeamCountry "GER"]

1. e4 c5 2. Bc4 Nc6 3. Nc3 d6 4. a3 g6 5. h3 Bg7 6. Nge2 Nf6 7. d3 Bd7 8. 0-0 0-0 9. Rb1 a6 10. b4 cxb4 11. axb4 b5 12. Ba2 Rb8 13. Bd2 Qc8 14. Nf4 e5 15. Nfd5 Nxd5 16. Nxd5 Re8 17. Qf3 Nd4 18. Qd1 Qxc2 19. Qxc2 Nxc2 20. Rbc1 Nd4 21. Rfe1 Be6 22. Rc6 Nxc6 0-1

[Event "Steinfurt Bezirksklasse 1819"]
[Site "Germany"]
[Date "2018.11.10"]
[Round "2.4"]
[White "Jarvers, Kathrin"]
[Black "Krumbeck, Holger"]
[Result "1/2-1/2"]
[WhiteElo "1337"]
[BlackElo "1282"]
[PlyCount "34"]
[EventDate "2018.09.29"]
[EventType "team-tourn"]
[EventRounds "7"]
[EventCountry "GER"]
[SourceTitle "EXT 2020"]
[Source "ChessBase"]
[SourceDate "2019.10.17"]
[SourceVersion "1"]
[SourceVersionDate "2019.10.17"]
[SourceQuality "1"]
[WhiteTeam "Rheine Klein Berlin III"]
[BlackTeam "Reckenfeld II"]
[WhiteTeamCountry "GER"]
[BlackTeamCountry "GER"]

1. e4 e5 2. Bc4 Nc6 3. Nf3 Nf6 4. d3 h6 5. c3 d6 6. Be3 Be7 7. Nbd2 0-0 8. 0-0 Bg4 9. Qc2 a6 10. Nh4 Bh5 11. Nf5 Na5 12. a3 b5 13. Ba2 c5 14. b4 cxb4 15. axb4 Nc6 16. Bb3 Qc7 17. d4 exd4 1/2-1/2

[Event "Steinfurt Bezirksklasse 1819"]
[Site "Germany"]
[Date "2018.09.29"]
[Round "1.4"]
[White "Krumbeck, Holger"]
[Black "Tost, Otfried"]
[Result "1-0"]
[WhiteElo "1282"]
[BlackElo "1413"]
[PlyCount "63"]
[EventDate "2018.09.29"]
[EventType "team-tourn"]
[EventRounds "7"]
[EventCountry "GER"]
[SourceTitle "EXT 2020"]
[Source "ChessBase"]
[SourceDate "2019.10.17"]
[SourceVersion "1"]
[SourceVersionDate "2019.10.17"]
[SourceQuality "1"]
[WhiteTeam "Reckenfeld II"]
[BlackTeam "Nordwalde II"]
[WhiteTeamCountry "GER"]
[BlackTeamCountry "GER"]

1. e4 e6 2. Nf3 d5 3. exd5 exd5 4. d4 Bd6 5. Nc3 Nf6 6. Bd3 0-0 7. h3 Re8+ 8. Be3 b6 9. 0-0 Ba6 10. Bxa6 Nxa6 11. a3 c6 12. Qd3 Nc7 13. Nd2 Ne6 14. b4 Rc8 15. f3 Qc7 16. Ne2 Nh5 17. Rac1 Re7 18. c4 Rce8 19. Rfe1 Bh2+ 20. Kh1 Qb8 21. Nf1 Bf4 22. Nxf4 Nexf4 23. Qd2 Qd6 24. g4 Nxh3 25. gxh5 Qf6 26. Kg2 Qh4 27. Ng3 Nf4+ 28. Bxf4 Rxe1 29. Rxe1 Rxe1 30. Qxe1 g5 31. Qe8+ Kg7 32. Be5+ 1-0

[Event "Steinfurt Bezirksklasse 1718"]
[Site "Germany"]
[Date "2017.10.07"]
[Round "1.3"]
[White "Koelking, Helmut"]
[Black "Krumbeck, Holger"]
[Result "1/2-1/2"]
[WhiteElo "1239"]
[BlackElo "1285"]
[PlyCount "39"]
[EventDate "2017.10.07"]
[EventType "team-tourn"]
[EventRounds "7"]
[EventCountry "GER"]
[SourceTitle "EXT 2019"]
[Source "ChessBase"]
[SourceDate "2018.10.10"]
[SourceVersion "1"]
[SourceVersionDate "2018.10.10"]
[SourceQuality "1"]
[WhiteTeam "Steinfurt IV"]
[BlackTeam "Reckenfeld II"]
[WhiteTeamCountry "GER"]
[BlackTeamCountry "GER"]

1. c4 e6 2. Nc3 Nf6 3. Nf3 d5 4. cxd5 Nxd5 5. g3 Nxc3 6. bxc3 b6 7. Bg2 Bb7 8. 0-0 Nd7 9. Bb2 Be7 10. Rc1 Bf6 11. Qc2 0-0 12. Rfe1 Rb8 13. e4 e5 14. d4 Re8 15. Rcd1 Qc8 16. Bh3 Bc6 17. Qd2 Qb7 18. Bxd7 Bxd7 19. dxe5 Bg4 20. Qf4 1/2-1/2

[Event "Steinfurt Bezirksklasse 1617"]
[Site "Germany"]
[Date "2016.09.17"]
[Round "1.3"]
[White "Altenaehr, Johannes"]
[Black "Krumbeck, Holger"]
[Result "1/2-1/2"]
[WhiteElo "1370"]
[BlackElo "1313"]
[PlyCount "62"]
[EventDate "2016.09.17"]
[EventType "team"]
[EventRounds "10"]
[EventCountry "GER"]
[SourceTitle "EXT 2018"]
[Source "ChessBase"]
[SourceDate "2017.10.13"]
[SourceVersion "1"]
[SourceVersionDate "2017.10.13"]
[SourceQuality "1"]
[WhiteTeam "Rheine CC"]
[BlackTeam "Reckenfeld II"]
[WhiteTeamCountry "GER"]
[BlackTeamCountry "GER"]

1. Nf3 b6 2. c4 Bb7 3. Nc3 Nf6 4. d4 e6 5. Qc2 d5 6. Bg5 Be7 7. Bxf6 Bxf6 8. cxd5 exd5 9. e3 c6 10. Bd3 g6 11. h4 Ba6 12. Bxa6 Nxa6 13. Qa4 Qc8 14. Nxd5 Bg7 15. Nb4 Nxb4 16. Qxb4 Qe6 17. b3 Rc8 18. Rc1 Kd7 19. Qc4 h6 20. Qxe6+ Kxe6 21. Ke2 Rc7 22. Rhd1 Rhc8 23. e4 Rd7 24. d5+ Ke7 25. Rxc6 Rxc6 26. dxc6 Rxd1 27. Kxd1 Kd6 28. e5+ Kxc6 29. Kc2 Kd5 30. Kd3 Bxe5 31. Nxe5 Kxe5 1/2-1/2

[Event "Steinfurt Bezirksliga 1415"]
[Site "Germany"]
[Date "2015.05.09"]
[Round "9.7"]
[White "Krumbeck, Holger"]
[Black "Dehler, Markus"]
[Result "0-1"]
[WhiteElo "1377"]
[BlackElo "1562"]
[PlyCount "60"]
[EventDate "2014.09.06"]
[EventType "team-tourn"]
[EventRounds "9"]
[EventCountry "GER"]
[SourceTitle "EXT 2016"]
[Source "ChessBase"]
[SourceDate "2015.10.08"]
[SourceVersion "1"]
[SourceVersionDate "2015.10.08"]
[SourceQuality "1"]
[WhiteTeam "Reckenfeld"]
[BlackTeam "Steinfurt II"]
[WhiteTeamCountry "GER"]
[BlackTeamCountry "GER"]

1. e4 c5 2. Nc3 Nc6 3. Nf3 d6 4. h3 Nf6 5. d4 cxd4 6. Nxd4 g6 7. Nxc6 bxc6 8. Rb1 Bg7 9. Bd3 0-0 10. 0-0 Qc7 11. Bd2 Bb7 12. Ne2 c5 13. Ng3 c4 14. Be2 Nxe4 15. Nxe4 Bxe4 16. Bf3 Bxf3 17. Qxf3 Rab8 18. Bc3 e6 19. Bxg7 Kxg7 20. c3 Rb5 21. Rfe1 Rfb8 22. Re2 a5 23. Rd2 d5 24. Qe3 Qb7 25. Qe2 a4 26. a3 Rb3 27. Rc1 Rxb2 28. Rcc2 Rxc2 29. Rxc2 Qc7 30. Rb2 Rb3 0-1

[Event "Steinfurt Bezirksklasse 1314"]
[Site "Germany"]
[Date "2014.05.24"]
[Round "9.3"]
[White "Krumbeck, Holger"]
[Black "Stroot, Helmut"]
[Result "1-0"]
[WhiteElo "1306"]
[BlackElo "1358"]
[PlyCount "83"]
[EventDate "2013.10.05"]
[EventType "team-tourn"]
[EventRounds "9"]
[EventCountry "GER"]
[SourceTitle "EXT 2015"]
[Source "ChessBase"]
[SourceDate "2014.11.20"]
[SourceVersion "1"]
[SourceVersionDate "2014.11.20"]
[SourceQuality "1"]
[WhiteTeam "Reckenfeld II"]
[BlackTeam "Rheine CC"]
[WhiteTeamCountry "GER"]
[BlackTeamCountry "GER"]

1. e4 e6 2. Nf3 c5 3. d3 Nc6 4. g3 d5 5. exd5 exd5 6. d4 c4 7. Nc3 Bb4 8. Bd2 Nf6 9. a3 Bxc3 10. Bxc3 Bf5 11. Bg2 Qe7+ 12. Ne5 0-0 13. 0-0 a5 14. Nxc6 bxc6 15. f3 h5 16. Qd2 Nh7 17. Bxa5 Qd7 18. Rae1 Bxc2 19. Re5 Nf6 20. Rfe1 Qb7 21. Bb4 Rfe8 22. Qxc2 Rxe5 23. Rxe5 g6 24. Qe2 Kh7 25. Bh3 h4 26. Re7 Qb6 27. Bc5 Qa6 28. Qe3 Qb5 29. Bb4 Qa4 30. Qd2 Kg7 31. Be6 Rf8 32. g4 h3 33. Kf2 Qb3 34. Rb7 Qd3 35. Qxd3 cxd3 36. Bxf8+ Kxf8 37. Bxf7 Ne4+ 38. fxe4 dxe4 39. Ke3 Kg7 40. Be8+ Kf6 41. Bxc6 Kg5 42. Bxe4 1-0

[Event "Steinfurt Bezirksklasse 1314"]
[Site "Germany"]
[Date "2014.03.15"]
[Round "6.3"]
[White "Beimdiek, Reiner"]
[Black "Krumbeck, Holger"]
[Result "1-0"]
[WhiteElo "1766"]
[BlackElo "1306"]
[PlyCount "59"]
[EventDate "2013.10.05"]
[EventType "team-tourn"]
[EventRounds "9"]
[EventCountry "GER"]
[SourceTitle "EXT 2015"]
[Source "ChessBase"]
[SourceDate "2014.11.20"]
[SourceVersion "1"]
[SourceVersionDate "2014.11.20"]
[SourceQuality "1"]
[WhiteTeam "Westerkappeln"]
[BlackTeam "Reckenfeld II"]
[WhiteTeamCountry "GER"]
[BlackTeamCountry "GER"]

1. e4 e5 2. Nf3 Nc6 3. Bb5 d6 4. d4 exd4 5. Nxd4 Nge7 6. Bg5 f6 7. Bh4 Bd7 8. Nc3 Ne5 9. 0-0 Bxb5 10. Ncxb5 a6 11. Ne6 axb5 12. Nxd8 Rxd8 13. a4 N7g6 14. Bg3 bxa4 15. Rxa4 Nc6 16. Qd5 Kd7 17. Rfa1 Be7 18. Qf5+ Ke8 19. Ra8 Kf7 20. Qd5+ Ke8 21. Rxd8+ Bxd8 22. c4 Nge7 23. Qd2 b6 24. b4 Kf7 25. c5 dxc5 26. bxc5 Re8 27. cxb6 cxb6 28. Qd7 Ne5 29. Bxe5 fxe5 30. Ra8 1-0

[Event "Steinfurt Bezirksklasse 1314"]
[Site "Germany"]
[Date "2013.11.16"]
[Round "2.3"]
[White "Krumbeck, Holger"]
[Black "Koerbel, Thomas"]
[Result "1-0"]
[WhiteElo "1306"]
[BlackElo "1353"]
[PlyCount "29"]
[EventDate "2013.10.05"]
[EventType "team-tourn"]
[EventRounds "9"]
[EventCountry "GER"]
[SourceTitle "EXT 2015"]
[Source "ChessBase"]
[SourceDate "2014.11.20"]
[SourceVersion "1"]
[SourceVersionDate "2014.11.20"]
[SourceQuality "1"]
[WhiteTeam "Reckenfeld II"]
[BlackTeam "Saerbeck III"]
[WhiteTeamCountry "GER"]
[BlackTeamCountry "GER"]

1. e4 e5 2. Nf3 Nf6 3. Nc3 Bb4 4. d3 d5 5. exd5 Nxd5 6. Bd2 Nxc3 7. bxc3 Bd6 8. Rb1 b6 9. Be2 0-0 10. 0-0 Bb7 11. Ne1 Qh4 12. c4 Nc6 13. g3 Qh3 14. Bg4 Qxf1+ 15. Kxf1 1-0

[Event "Steinfurt Bezirksliga 1213"]
[Site "Germany"]
[Date "2012.12.22"]
[Round "4.1"]
[White "Guennigmann, Stefan"]
[Black "Krumbeck, Holger"]
[Result "1-0"]
[WhiteElo "1755"]
[BlackElo "1325"]
[PlyCount "77"]
[EventDate "2012.09.22"]
[EventType "team-tourn"]
[EventRounds "9"]
[EventCountry "GER"]
[SourceTitle "EXT 2015"]
[Source "ChessBase"]
[SourceDate "2014.11.20"]
[SourceVersion "1"]
[SourceVersionDate "2014.11.20"]
[SourceQuality "1"]
[WhiteTeam "Saerbeck II"]
[BlackTeam "Reckenfeld II"]
[WhiteTeamCountry "GER"]
[BlackTeamCountry "GER"]

1. d4 d5 2. c4 dxc4 3. Nf3 e6 4. Nc3 Nf6 5. Bg5 Be7 6. e3 Nd5 7. Bxe7 Qxe7 8. Qa4+ c6 9. Qxc4 b5 10. Qb3 Qb4 11. Qxb4 Nxb4 12. Rc1 Bb7 13. a3 Nd5 14. Ne4 Ke7 15. Nc5 Bc8 16. Bd3 Nd7 17. Ke2 Nxc5 18. Rxc5 Bb7 19. Ne5 b4 20. Rhc1 bxa3 21. bxa3 Rac8 22. Ra5 f6 23. Rxa7 fxe5 24. Rxb7+ Kf6 25. dxe5+ Kxe5 26. Rxg7 h6 27. Ra7 Kd6 28. g3 Rb8 29. Rc2 Rb3 30. Bc4 Nc3+ 31. Kf3 Nb5 32. Rd2+ Kc5 33. Bxb3 Nxa7 34. Bxe6 Nb5 35. a4 Nc3 36. Rd4 Ra8 37. Rc4+ Kd6 38. Rxc3 Kxe6 39. Rxc6+ 1-0

[Event "Steinfurt Bezirksklasse 1112"]
[Site "Germany"]
[Date "2012.02.25"]
[Round "6.5"]
[White "Krumbeck, Holger"]
[Black "Roos, Philipp"]
[Result "1/2-1/2"]
[WhiteElo "1258"]
[BlackElo "1235"]
[PlyCount "106"]
[EventDate "2011.09.24"]
[EventType "team-tourn"]
[EventRounds "9"]
[EventCountry "GER"]
[SourceTitle "EXT 2013"]
[Source "ChessBase"]
[SourceDate "2012.11.22"]
[SourceVersion "1"]
[SourceVersionDate "2012.11.22"]
[SourceQuality "1"]
[WhiteTeam "Reckenfeld II"]
[BlackTeam "Saerbeck III"]
[WhiteTeamCountry "GER"]
[BlackTeamCountry "GER"]

1. e4 e5 2. Bc4 Nf6 3. d3 Bc5 4. Nc3 0-0 5. Na4 Qe7 6. a3 a6 7. Nxc5 Qxc5 8. Be3 Qe7 9. h3 b5 10. Bb3 c5 11. c3 d6 12. Bg5 Be6 13. Bxe6 Qxe6 14. Ne2 Nc6 15. 0-0 Rfd8 16. f4 Rd7 17. Bxf6 Qxf6 18. fxe5 Qxe5 19. Rf5 Qe6 20. Nf4 Qe8 21. Nd5 Qe6 22. Nb6 Raa7 23. Nxd7 Rxd7 24. Qc2 Ne7 25. Rf3 Ng6 26. Raf1 Ne5 27. Re3 g6 28. d4 Nc4 29. Re2 cxd4 30. cxd4 Kg7 31. Qc3 Kg8 32. d5 Qe5 33. Qxe5 dxe5 34. Rc1 a5 35. a4 Nd6 36. axb5 Nxb5 37. Rc8+ Kg7 38. Rec2 Nd6 39. R8c7 Rxc7 40. Rxc7 Nxe4 41. Re7 Kf6 42. Ra7 Nd2 43. Rxa5 Nc4 44. Rb5 e4 45. Rb4 Nd6 46. Rd4 Ke5 47. Rd1 Nc4 48. b4 f5 49. Kf2 h5 50. b5 g5 51. d6 Nxd6 52. b6 f4 53. Rb1 Nb7 1/2-1/2

[Event "Steinfurt Bezirksklasse 1112"]
[Site "Germany"]
[Date "2012.01.28"]
[Round "5.4"]
[White "Krumbeck, Holger"]
[Black "Echelmeyer, Kai"]
[Result "0-1"]
[WhiteElo "1258"]
[BlackElo "1434"]
[PlyCount "44"]
[EventDate "2011.09.24"]
[EventType "team-tourn"]
[EventRounds "9"]
[EventCountry "GER"]
[SourceTitle "EXT 2013"]
[Source "ChessBase"]
[SourceDate "2012.11.22"]
[SourceVersion "1"]
[SourceVersionDate "2012.11.22"]
[SourceQuality "1"]
[WhiteTeam "Reckenfeld II"]
[BlackTeam "Emsdetten Turm III"]
[WhiteTeamCountry "GER"]
[BlackTeamCountry "GER"]

1. e4 c5 2. Nf3 Nc6 3. d4 cxd4 4. Nxd4 Nf6 5. Nc3 g6 6. Bd3 Nxd4 7. e5 Ng8 8. Bxg6 hxg6 9. Qxd4 Bg7 10. Qc5 d6 11. exd6 Qxd6 12. Qb5+ Bd7 13. Qxb7 Bc6 14. Qa6 Bxc3+ 15. bxc3 Qe5+ 16. Kf1 Bb5+ 17. Qxb5+ Qxb5+ 18. Kg1 Qe2 19. h3 Qe1+ 20. Kh2 Qxf2 21. Bb2 Nf6 22. Rhf1 Ng4+ 0-1

[Event "Steinfurt Bezirksklasse 1112"]
[Site "Germany"]
[Date "2011.11.19"]
[Round "3.6"]
[White "Sivakumaran, Methunraj"]
[Black "Krumbeck, Holger"]
[Result "0-1"]
[WhiteElo "1178"]
[BlackElo "1258"]
[PlyCount "112"]
[EventDate "2011.09.24"]
[EventType "team-tourn"]
[EventRounds "9"]
[EventCountry "GER"]
[SourceTitle "EXT 2013"]
[Source "ChessBase"]
[SourceDate "2012.11.22"]
[SourceVersion "1"]
[SourceVersionDate "2012.11.22"]
[SourceQuality "1"]
[WhiteTeam "Ibbenbueren III"]
[BlackTeam "Reckenfeld II"]
[WhiteTeamCountry "GER"]
[BlackTeamCountry "GER"]

1. e4 e5 2. Nf3 d6 3. h3 Nf6 4. Nc3 Be7 5. Bc4 Nc6 6. d4 exd4 7. Nxd4 Nxd4 8. Qxd4 0-0 9. Be3 Be6 10. 0-0-0 Bxc4 11. Qxc4 Nd7 12. f4 Qc8 13. Nd5 Bd8 14. g4 Nf6 15. g5 Nxd5 16. Qxd5 Be7 17. h4 c6 18. Qb3 Qe6 19. Qxe6 fxe6 20. h5 g6 21. hxg6 hxg6 22. Rh3 Kf7 23. Rh7+ Ke8 24. Rg7 Kd7 25. Rxg6 Rh8 26. Rg7 b6 27. f5 exf5 28. exf5 Rag8 29. f6 Rxg7 30. fxg7 Rg8 31. Bd4 Bxg5+ 32. Kb1 Bh6 33. Rf1 Ke8 34. b4 Bxg7 35. Rg1 Kf7 36. Rf1+ Ke6 37. Rg1 Kf7 38. Rf1+ Ke6 39. Re1+ Be5 40. Bxe5 dxe5 41. Re3 Rg7 42. Kb2 Kd5 43. Kb3 e4 44. Rc3 Rf7 45. Rc4 Rf3+ 46. c3 Rd3 47. a4 e3 48. b5 c5 49. Rh4 e2 50. Rh7 e1Q 51. Rd7+ Ke6 52. Rxd3 Qb1+ 53. Ka3 Qxd3 54. Kb2 Qc4 55. Kc2 Qxa4+ 56. Kd3 Qxb5+ 0-1

[Event "Steinfurt Bezirksklasse 1112"]
[Site "Germany"]
[Date "2011.09.24"]
[Round "1.5"]
[White "Krumbeck, Holger"]
[Black "Poepper, Florian"]
[Result "1-0"]
[WhiteElo "1258"]
[BlackElo "1387"]
[PlyCount "67"]
[EventDate "2011.09.24"]
[EventType "team-tourn"]
[EventRounds "9"]
[EventCountry "GER"]
[SourceTitle "EXT 2013"]
[Source "ChessBase"]
[SourceDate "2012.11.22"]
[SourceVersion "1"]
[SourceVersionDate "2012.11.22"]
[SourceQuality "1"]
[WhiteTeam "Reckenfeld II"]
[BlackTeam "Steinfurt IV"]
[WhiteTeamCountry "GER"]
[BlackTeamCountry "GER"]

1. e4 e6 2. Nf3 Nf6 3. d3 Bb4+ 4. Bd2 Bxd2+ 5. Nbxd2 Nc6 6. Be2 d6 7. d4 Bd7 8. c4 0-0 9. 0-0 d5 10. e5 Ne8 11. cxd5 exd5 12. Qb3 Be6 13. Qxb7 Na5 14. Qb4 c6 15. Qc3 Rb8 16. a3 Qb6 17. b4 Nb7 18. Rab1 Nc7 19. a4 a5 20. bxa5 Qxa5 21. Qxc6 Nd8 22. Qc2 Rxb1 23. Rxb1 g6 24. Rc1 Na6 25. Bxa6 Qxa6 26. Qa2 Qd3 27. Qb3 Qe2 28. h3 f6 29. Qd1 Qxd1+ 30. Rxd1 fxe5 31. dxe5 Nc6 32. Ng5 Rf5 33. Nxe6 Rxe5 34. Nf4 1-0

[Event "Steinfurt Bezirksliga 0910"]
[Site "Germany"]
[Date "2010.05.15"]
[Round "9.7"]
[White "Gausmann, Gregor"]
[Black "Krumbeck, Holger"]
[Result "1/2-1/2"]
[WhiteElo "1296"]
[BlackElo "1322"]
[PlyCount "45"]
[EventDate "2009.09.12"]
[EventType "team-tourn"]
[EventRounds "9"]
[EventCountry "GER"]
[SourceTitle "EXT 2011"]
[Source "ChessBase"]
[SourceDate "2010.11.26"]
[SourceVersion "1"]
[SourceVersionDate "2010.11.26"]
[SourceQuality "1"]
[WhiteTeam "Rheine"]
[BlackTeam "Reckenfeld II"]
[WhiteTeamCountry "GER"]
[BlackTeamCountry "GER"]

1. e4 e5 2. Nf3 d6 3. Bc4 h6 4. d3 Bg4 5. h3 Bh5 6. Nc3 Nf6 7. Be3 Nc6 8. g4 Bg6 9. Qd2 Na5 10. Bb3 Nxb3 11. axb3 a6 12. Nh2 d5 13. Nxd5 Nxd5 14. exd5 Qxd5 15. 0-0-0 0-0-0 16. f4 f5 17. fxe5 Qxe5 18. Bf4 Qc5 19. Qc3 Qxc3 20. bxc3 fxg4 21. hxg4 Bd6 22. Bxd6 Rxd6 23. Nf3 1/2-1/2

[Event "Steinfurt Bezirksliga 0910"]
[Site "Germany"]
[Date "2009.09.12"]
[Round "1.7"]
[White "Krumbeck, Holger"]
[Black "Boerger, Andreas1111"]
[Result "0-1"]
[WhiteElo "1322"]
[BlackElo "1614"]
[PlyCount "56"]
[EventDate "2009.09.12"]
[EventType "team-tourn"]
[EventRounds "9"]
[EventCountry "GER"]
[SourceTitle "EXT 2011"]
[Source "ChessBase"]
[SourceDate "2010.11.26"]
[SourceVersion "1"]
[SourceVersionDate "2010.11.26"]
[SourceQuality "1"]
[WhiteTeam "Reckenfeld II"]
[BlackTeam "Reckenfeld"]
[WhiteTeamCountry "GER"]
[BlackTeamCountry "GER"]

1. e4 e6 2. d4 d5 3. e5 c5 4. c3 Nc6 5. Bb5 cxd4 6. Qxd4 Nge7 7. f4 Bd7 8. Bxc6 Bxc6 9. Nf3 Nf5 10. Qd3 Qb6 11. b4 a5 12. g4 Bb5 13. Qd2 Nh6 14. Qd4 Qc7 15. Na3 Bd7 16. h3 Be7 17. Nc2 0-0 18. a3 f6 19. 0-0 Nf7 20. Bb2 fxe5 21. Nxe5 Nxe5 22. fxe5 Bb5 23. Rf2 Rxf2 24. Kxf2 Bh4+ 25. Kg1 Rf8 26. Ne3 Qf7 27. Qd2 Bf2+ 28. Kh1 Qf3+ 0-1

[Event "Steinfurt Bezirksklasse 0708"]
[Site "Germany"]
[Date "2008.01.12"]
[Round "4.2"]
[White "Dau, Dietmar"]
[Black "Krumbeck, Holger"]
[Result "1/2-1/2"]
[WhiteElo "1292"]
[BlackElo "1230"]
[PlyCount "48"]
[EventDate "2007.10.13"]
[EventType "team-tourn"]
[EventRounds "7"]
[EventCountry "GER"]
[SourceTitle "EXT 2009"]
[Source "ChessBase"]
[SourceDate "2008.11.26"]
[SourceVersion "1"]
[SourceVersionDate "2008.11.26"]
[SourceQuality "1"]
[WhiteTeam "Ibbenbueren III"]
[BlackTeam "Reckenfeld II"]
[WhiteTeamCountry "GER"]
[BlackTeamCountry "GER"]

1. d4 e6 2. c4 d5 3. Nc3 dxc4 4. e3 Nd7 5. Bxc4 Nb6 6. Bd3 c5 7. dxc5 Bxc5 8. Bb5+ Bd7 9. Bxd7+ Qxd7 10. Qxd7+ Nxd7 11. Nge2 Ngf6 12. 0-0 0-0 13. a3 a6 14. b4 Be7 15. Bb2 Rfd8 16. Rac1 b5 17. Ng3 Nb6 18. Nb1 Nc4 19. Bc3 Rac8 20. Rfd1 Rxd1+ 21. Rxd1 Nd5 22. Ba1 g6 23. Ne2 Ra8 24. e4 Nf6 1/2-1/2

[Event "Steinfurt Bezirksliga 0607"]
[Site "Germany"]
[Date "2007.04.28"]
[Round "9.7"]
[White "Schulte, Rainer"]
[Black "Krumbeck, Holger"]
[Result "1/2-1/2"]
[WhiteElo "1476"]
[BlackElo "1196"]
[PlyCount "30"]
[EventDate "2006.09.09"]
[EventType "team-tourn"]
[EventRounds "9"]
[EventCountry "GER"]
[SourceTitle "EXT 2008"]
[Source "ChessBase"]
[SourceDate "2007.11.25"]
[SourceVersion "1"]
[SourceVersionDate "2007.11.25"]
[SourceQuality "1"]
[WhiteTeam "Emsdetten Rochade II"]
[BlackTeam "Reckenfeld"]
[WhiteTeamCountry "GER"]
[BlackTeamCountry "GER"]

1. e4 c5 2. Nf3 Nc6 3. d4 cxd4 4. Nxd4 e6 5. Bb5 Bc5 6. Bxc6 bxc6 7. 0-0 Ne7 8. Be3 Qb6 9. Nc3 Qa6 10. Nxe6 fxe6 11. Bxc5 Qa5 12. b4 Qd8 13. e5 0-0 14. Ne4 Rf5 15. Bxe7 Qxe7 1/2-1/2